000
00429nam a2200145Ia 4500
008
100204s9999 xx 000 0 und d
082
_b
6187
100
_a
प्रभुदेसाई बाळकृष्ण
245
_a
नायक
260
_b
"मानसन्मान प्रकाशन , पुणे"
_c
1983
300
_a
132
630
_a
नायक
730
_a
नायक
942
_c
BOOK
999
_c
450656
_d
450653